Developing the Third World: the experience of nineteen-sixties (Record no. 39925)
[ view plain ]
| 000 -LEADER | |
|---|---|
| fixed length control field | 00863nam a2200205 a 4500 |
| 008 - FIXED-LENGTH DATA ELEMENTS--GENERAL INFORMATION | |
| fixed length control field | 120416s1971 ||||||||||||||||| || u |
| 020 ## - INTERNATIONAL STANDARD BOOK NUMBER | |
| International Standard Book Number | 0521080797 |
| 050 ## - LIBRARY OF CONGRESS CALL NUMBER | |
| Classification number | HD 59.7 Dev |
| 100 ## - MAIN ENTRY--PERSONAL NAME | |
| Personal name | Robinson, Ronald Edward, 1920- |
| 245 10 - TITLE STATEMENT | |
| Title | Developing the Third World: the experience of nineteen-sixties |
| Statement of responsibility, etc. | edited by Ronald Robinson |
| 260 ## - PUBLICATION, DISTRIBUTION, ETC. | |
| Place of publication, distribution, etc. | Cambridge: |
| Name of publisher, distributor, etc. | Cambridge University Press |
| Date of publication, distribution, etc. | 1971 |
| 300 ## - PHYSICAL DESCRIPTION | |
| Extent | x, 289p. |
| 350 ## - PRICE (NR) (BK AM CF MU VM SE) [OBSOLETE] | |
| Price | 0.00 |
| 490 ## - SERIES STATEMENT | |
| Series statement | Cambridge Commonwealth series |
| 500 ## - GENERAL NOTE | |
| General note | Selection of papers from the Cambridge conferences on development. -Includes bibliographies. |
| 650 ## - SUBJECT ADDED ENTRY--TOPICAL TERM | |
| Topical term or geographic name entry element | ECONOMIC DEVELOPMENT--CONGRESSES |
| 650 ## - SUBJECT ADDED ENTRY--TOPICAL TERM | |
| Topical term or geographic name entry element | ECONOMIC ASSISTANCE--CONGRESSES |
| 650 #0 - SUBJECT ADDED ENTRY--TOPICAL TERM | |
| Topical term or geographic name entry element | MANAGEMENT |
| 995 ## - RECOMMENDATION 995 [LOCAL, UNIMARC FRANCE] | |
| -- | 0.00 |
| -- | CBU-MAIN LIBRARY (Kitwe) |
| -- | 1 |
| -- | 4.00 |
| -- | 1 |
| -- | AVAILABLE |
| -- | Annex Low-Usage Collection |
| Withdrawn status | Lost status | Source of classification or shelving scheme | Damaged status | Not for loan | Home library | Current library | Shelving location | Date acquired | Total Checkouts | Full call number | Barcode | Date last seen | Price effective from | Koha item type |
|---|---|---|---|---|---|---|---|---|---|---|---|---|---|---|
| CBU-MAIN LIBRARY, KITWE. | CBU-MAIN LIBRARY, KITWE. | 11/30/2022 | HD 59.7 Dev | 003756 | 11/30/2022 | 11/30/2022 | MONOGRAPH |